00345nam a2200121Ia 4500008004100000100003700041245006300078260003000141300000900171650001800180942000800198999001700206190216s9999||||xx |||||||||||||| ||und|| a"Sharma, Arya, Pandey, Rasthogi" 0aIndian Institutes Of Technology Joint Entrance Examination bThe Upper India Pubc1979 a450p aEntrance Exam cREF c35677d35677